Top 10 most visited U.S. national parks - Statistics

General Stats
  • This quiz has been taken 83 times
    20 since last reset
  • The average score is 7 of 10
Answer Stats
Millions of tourists National park % Correct
4.76 Yellowstone
100%
4.28 Yosemite
94%
4.43 Grand Canyon
83%
4.08 Acadia
72%
11.53 Great Smoky Mountains
72%
4.17 Rocky Mountain
72%
3.80 Grand Teton
67%
4.98 Zion
67%
3.14 Glacier
61%
3.58 Olympic
44%
No matching quizzes found
Score Distribution
Percent of People with Each Score
Percentile by Number Answered
Your Score History
You have not taken this quiz since the last reset